Beste Formel 1 Fahrer pro Saison, die nie Weltmeister geworden sind - Statistiken

Allgemein
  • Dieses Quiz wurde 1.103 mal gespielt
    35 seit der letzten Aktualisierung
  • Das Durchschnittsergebnis liegt bei 36 aus 76
Antwortstatistiken
Jahr Nationalität Antwort % Korrekt
2024 Monaco Charles Leclerc
100%
2022 Monaco Charles Leclerc
100%
2025 Australien Oscar Piastri
97%
2023 Mexiko Sergio Perez
97%
2021 Finnland Valtteri Bottas
94%
2020 Finnland Valtteri Bottas
94%
2019 Finnland Valtteri Bottas
94%
2018 Finnland Valtteri Bottas
94%
2017 Finnland Valtteri Bottas
94%
2015 Finnland Valtteri Bottas
94%
2016 Australien Daniel Ricciardo
91%
2014 Australien Daniel Ricciardo
91%
2013 Australien Mark Webber
91%
2012 Australien Mark Webber
91%
2011 Australien Mark Webber
91%
2010 Australien Mark Webber
91%
2008 Brasilien Felipe Massa
89%
2007 Brasilien Felipe Massa
89%
2006 Brasilien Felipe Massa
89%
2009 Brasilien Rubens Barrichello
80%
2004 Brasilien Rubens Barrichello
80%
2002 Brasilien Rubens Barrichello
80%
2005 Kolumbien Juan Pablo Montoya
63%
2003 Kolumbien Juan Pablo Montoya
63%
1997 Deutschland Heinz-Harald Frentzen
60%
2001 Großbritannien David Coulthard
57%
2000 Großbritannien David Coulthard
57%
1998 Großbritannien David Coulthard
57%
1995 Großbritannien David Coulthard
57%
1994 Österreich Gerhard Berger
57%
1990 Österreich Gerhard Berger
57%
1988 Österreich Gerhard Berger
57%
1987 Österreich Gerhard Berger
57%
1999 Großbritannien Eddie Irvine
43%
1996 Frankreich Jean Alesi
40%
1979 Kanada Gilles Villeneuve
37%
1972 Belgien Jacky Ickx
37%
1970 Belgien Jacky Ickx
37%
1969 Belgien Jacky Ickx
37%
1968 Belgien Jacky Ickx
37%
1978 Schweden Ronnie Peterson
37%
1973 Schweden Ronnie Peterson
37%
1971 Schweden Ronnie Peterson
37%
1981 Argentinien Carlos Reutemann
34%
1980 Argentinien Carlos Reutemann
34%
1977 Argentinien Carlos Reutemann
34%
1975 Argentinien Carlos Reutemann
34%
1974 Schweiz Clay Regazzoni
31%
1958 Großbritannien Stirling Moss
31%
1957 Großbritannien Stirling Moss
31%
1956 Großbritannien Stirling Moss
31%
1955 Großbritannien Stirling Moss
31%
1993 Italien Riccardo Patrese
23%
1992 Italien Riccardo Patrese
23%
1991 Italien Riccardo Patrese
23%
1989 Italien Riccardo Patrese
23%
1961 Deutschland Wolfgang von Trips
23%
1962 Neuseeland Bruce McLaren
17%
1960 Neuseeland Bruce McLaren
17%
1982 Frankreich Didier Pironi
14%
1954 Argentinien José Froilán González
14%
1951 Argentinien José Froilán González
14%
1983 Frankreich René Arnoux
14%
1984 Italien Elio de Angelis
11%
1985 Italien Michele Alboreto
11%
1986 Schweden Stefan Johansson
9%
1965 USA Dan Gurney
6%
1966 Italien Lorenzo Bandini
6%
1964 Italien Lorenzo Bandini
6%
1950 Italien Luigi Fagioli
6%
1952 Italien Piero Taruffi
6%
1963 USA Richie Ginther
6%
1967 Neuseeland Chris Amon
3%
1976 Frankreich Patrick Depailler
3%
1959 Großbritannien Tony Brooks
3%
1953 Italien Luigi Villoresi
0%
Keine übereinstimmenden Quizze gefunden
Verteilung der Resultate
Anzahl Personen mit jedem Resultat
Perzentil nach korrekt beantworteten Fragen
Ihre Resultats-Entwicklung
Sie haben dieses Quiz seit der letzten Aktualisierung nicht gespielt